Tantra and the tantrika : (Record no. 79627)

MARC details
000 -LEADER
fixed length control field 00651nam a22001937a 4500
005 - DATE AND TIME OF LATEST TRANSACTION
control field 20140609154836.0
010 ## - LCCN (DPL NO)
LC control number ENG-108564
020 ## - INTERNATIONAL STANDARD BOOK NUMBER
International Standard Book Number 9788192777108
Terms of availability 295.00
035 ## - SYSTEM CONTROL NUMBER
System control number EN-92097
037 ## - SOURCE OF ACQUISITION
Source of stock number/acquisition DBAD/PUB
082 ## - DEWEY DECIMAL CLASSIFICATION NUMBER
Classification number N
100 ## - MAIN ENTRY--PERSONAL NAME
Personal name Razdan, Karan
245 ## - TITLE STATEMENT
Title Tantra and the tantrika :
Statement of responsibility, etc by Karan Razdan
Remainder of title a tale of love & sex, painful separation, karmic retribution and divine awakening /
260 ## - PUBLICATION, DISTRIBUTION, ETC. (IMPRINT)
Place of publication, distribution, etc New Delhi
Name of publisher, distributor, etc Atlantic Book House
Date of publication, distribution, etc 2013
270 ## - ADDRESS
Address Room No. 5, 4735/22,2nd Floor Prakash Deep Building, Ansari Road Darya Ganj
City New Delhi
Postal code 110002
300 ## - PHYSICAL DESCRIPTION
Extent xxvii, 220p.
Dimensions 22cm (pbk)
500 ## - GENERAL NOTE
General note
942 ## - ADDED ENTRY ELEMENTS (KOHA)
Source of classification or shelving scheme Dewey Decimal Classification
Item type English Books
Call number suffix RAZ
Classification part N
Holdings
Withdrawn status Lost status Not for loan Collection code Home library Current library Date acquired Source of acquisition Cost, normal purchase price Full call number Barcode Copy number Cost, replacement price Koha item type
    Not For Loan Fiction D.B.Act.Division D.B.Act.Division 17/02/2014 DBAD/PUB 295.00 N RAZ EN-92097 1 295.00 English Books

© Delhi Public Library
Hit Counter
free hit counter